Statystyki dla Piłkarska kariera - Casemiro

Kliknij tutaj aby rozwiązać quiz!

Ogólne statystyki

  • Ten quiz został rozwiązany 79 razy
  • Średni wynik to 7 z 9

Statystyki odpowiedzi

Kraj klubuRokKlub% Poprawnych
Anglia2022-Manchester United
100%
Hiszpania2013-2014Real Madryt
100%
Hiszpania2015Real Madryt
100%
Hiszpania2015-2022Real Madryt
100%
Hiszpania2013Real Madryt Kastylia
100%
Portugalia2014-2015FC Porto
94%
Portugalia2015FC Porto
94%
Brazylia2010-2013Sao Paulo
29%
Brazylia2013Sao Paulo
29%

Rozkład punktacji

Percentyl według liczby udzielonych odpowiedzi

Procent ludzi z każdym wynikiem

Twoja historia wyników

Nie rozwiązałeś tego quizu